Statistics for Second-Biggest City by Region

Click here to take the quiz!

General Stats

  • This quiz has been taken 24 times
  • The average score is 18 of 24

Answer Stats

RegionLargestSecond-Largest% Correct
South AmericaSão PauloBuenos Aires
100%
ScotlandGlasgowEdinburgh
96%
European UnionParisMadrid
96%
HispaniolaSanto DomingoPort-au-Prince
96%
QuébecMontréalQuébec City
96%
Baltic StatesRigaVilnius
96%
Russian Far EastKhabarovskVladivostok
96%
ScandinaviaStockholmCopenhagen
91%
Mainland Southeast AsiaBangkokHo Chi Minh City
87%
PennsylvaniaPhiladelphiaPittsburgh
87%
Arab LeagueCairoRiyadh
83%
West AfricaLagosAbidjan
78%
Central AsiaTashkentAlmaty
78%
AndalusiaSevilleMálaga
78%
SicilyPalermoCatania
74%
ManchuriaShenyangHarbin
74%
Southeast AsiaJakartaManila
74%
Central AmericaGuatemala CitySan José
74%
QueenslandBrisbaneGold Coast
70%
Baja CaliforniaTijuanaMexicali
52%
KyushuFukuokaKitakyushu
48%
GujaratAhmedabadSurat
43%
SumatraMedanPalembang
39%
PolynesiaAucklandHonolulu
35%

Score Distribution

Percentile by Number Answered

Percent of People with Each Score

Your Score History

You have not taken this quiz